000 004500000a22001690004500
003 MACL
005 20151231124737.0
008 151231b xxu||||| |||| 00| 0 eng d
040 _aMACL
_cMACL
041 _aEnglish
082 _a359/
100 _aJames Nisbet & Co Ltd
_925571
245 _aHalf Houres In Early Naval Adventure
260 _bJames Nisbet & Co Ltd
_c1904
_aLondon
650 _aPublic Administration
_925572
942 _cBK
_k359
_2ddc
999 _c38528
_d38528